<?xml version="1.0" encoding="UTF-8"?>
<record
    xmlns:xsi="http://www.w3.org/2001/XMLSchema-instance"
    xsi:schemaLocation="http://www.loc.gov/MARC21/slim http://www.loc.gov/standards/marcxml/schema/MARC21slim.xsd"
    xmlns="http://www.loc.gov/MARC21/slim">

  <leader>00645nam a22002057a 4500</leader>
  <controlfield tag="003">OSt</controlfield>
  <controlfield tag="005">20230928090525.0</controlfield>
  <controlfield tag="008">221006b        |||||||| |||| 00| 0 eng d</controlfield>
  <datafield tag="040" ind1=" " ind2=" ">
    <subfield code="c">Biblioteca Lado V</subfield>
  </datafield>
  <datafield tag="082" ind1=" " ind2=" ">
    <subfield code="a">779</subfield>
    <subfield code="b">R763c</subfield>
  </datafield>
  <datafield tag="100" ind1=" " ind2=" ">
    <subfield code="9">707</subfield>
    <subfield code="a">Romero, Antonio</subfield>
    <subfield code="e">autor</subfield>
  </datafield>
  <datafield tag="245" ind1=" " ind2=" ">
    <subfield code="a">Confort+/</subfield>
  </datafield>
  <datafield tag="260" ind1=" " ind2=" ">
    <subfield code="b">Centro Cultural Espa&#xF1;a</subfield>
    <subfield code="c">2005</subfield>
    <subfield code="a">El Salvador</subfield>
  </datafield>
  <datafield tag="300" ind1=" " ind2=" ">
    <subfield code="c">19.5x19cm</subfield>
    <subfield code="a">26p.</subfield>
  </datafield>
  <datafield tag="366" ind1=" " ind2=" ">
    <subfield code="e">spa</subfield>
  </datafield>
  <datafield tag="650" ind1=" " ind2=" ">
    <subfield code="2">Tesauro de Arte &amp; Arquitectura</subfield>
    <subfield code="a">ARTE</subfield>
    <subfield code="9">703</subfield>
  </datafield>
  <datafield tag="650" ind1=" " ind2=" ">
    <subfield code="2">Tesauro de Arte &amp; Arquitectura</subfield>
    <subfield code="a">FOTOGRAFIA</subfield>
    <subfield code="9">702</subfield>
  </datafield>
  <datafield tag="650" ind1=" " ind2=" ">
    <subfield code="2">Tesauro de Arte &amp; Arquitectura</subfield>
    <subfield code="a">ICONOGRAFIA</subfield>
    <subfield code="9">702</subfield>
  </datafield>
  <datafield tag="942" ind1=" " ind2=" ">
    <subfield code="2">ddc</subfield>
    <subfield code="c">1</subfield>
    <subfield code="h">779</subfield>
    <subfield code="i">R763c</subfield>
    <subfield code="n">0</subfield>
  </datafield>
  <datafield tag="999" ind1=" " ind2=" ">
    <subfield code="c">4402</subfield>
    <subfield code="d">4402</subfield>
  </datafield>
  <datafield tag="952" ind1=" " ind2=" ">
    <subfield code="0">0</subfield>
    <subfield code="1">0</subfield>
    <subfield code="2">ddc</subfield>
    <subfield code="3">2005</subfield>
    <subfield code="4">0</subfield>
    <subfield code="7">0</subfield>
    <subfield code="8">Libros</subfield>
    <subfield code="a">LV</subfield>
    <subfield code="b">LV</subfield>
    <subfield code="d">2023-09-28</subfield>
    <subfield code="i">002379</subfield>
    <subfield code="l">0</subfield>
    <subfield code="o">779 R763c</subfield>
    <subfield code="p">002379</subfield>
    <subfield code="r">2023-09-28 00:00:00</subfield>
    <subfield code="w">2023-09-28</subfield>
    <subfield code="y">1</subfield>
  </datafield>
</record>
